Hierarchy and egalitarianism in Islamic thought

By analyzing a wide range of Arab and Persian literature, Louise Marlow demonstrates that Islam's initial orientation was markedly egalitarian, but the social aspect of this egalitarianism was soon undermined in the aftermath of Islam's political success. Although the memory of its early p...

全面介绍

Đã lưu trong:
书目详细资料
主要作者: Marlow, Louise
格式: 图书
语言:Undetermined
出版: New York, NY Cambridge University Press 1997
主题:
标签: 添加标签
没有标签, 成为第一个标记此记录!
Thư viện lưu trữ: Trung tâm Học liệu Trường Đại học Cần Thơ
LEADER 01409nam a2200229Ia 4500
001 CTU_167358
008 210402s9999 xx 000 0 und d
020 |c 75 
082 |a 305.0917 
082 |b M349 
100 |a Marlow, Louise 
245 0 |a Hierarchy and egalitarianism in Islamic thought 
245 0 |c Louise Marlow 
260 |a New York, NY 
260 |b Cambridge University Press 
260 |c 1997 
520 |a By analyzing a wide range of Arab and Persian literature, Louise Marlow demonstrates that Islam's initial orientation was markedly egalitarian, but the social aspect of this egalitarianism was soon undermined in the aftermath of Islam's political success. Although the memory of its early promise never entirely receded, social egalitarianism was soon associated with political subversion. The originality and chronological scope of Louise Marlow's book will ensure a wide readership of Islamic historians and of scholars assessing the impact of the recent Islamic revival 
650 |a Equality,Equality,Social justice,Bình đẳng xã hội,Công bằng xã hội,Công bằng xã hội 
650 |x Islamic countries,History,Religious aspects,Islam,History,Lịch sử 
650 |z Islamic countries,Các quốc gia Hồi giáo,Các quốc gia Hồi giáo 
910 |a Nguyên 
980 |a Trung tâm Học liệu Trường Đại học Cần Thơ